000 00810nam a22002657a 4500
001 000420
003 DO-SdBPM
005 20250220124858.0
007 000420
008 160725b 2000 ru ||||| |||| 00| 0 spa d
020 _a5819400224
040 _aBPMSU
_bspa
_cBPMSU
082 4 _a891.73
_bC965p 2000
_222
092 _axxxxx
_bxxxxx
100 1 _aOrleanskiy, Aleksey
245 1 0 _aCuentos populares rusos :
_bpintura de Palekh /
_cAleksey Orelanskiy ; pintura de Palekh
260 _aSan Petersburgo :
_b P-2,
_c2000
300 _a92 p. :
_bil. ;
_c27 cm.
590 _aInventariado, 2025/VM
650 4 _aCuentos populares rusos
650 4 _aReyes y soberanos
_vCuentos juveniles
700 1 _aOrleankiy, Aleksey
_ePintura
910 _aVMateo V. Control de calidad. BPMSU
942 _2ddc
_cBK
999 _c11023
_d11023